000 02076cam a22005054i 4500
003 PE-LiUPU
005 20250731173205.0
008 150625s1985 miu r 000 0 spa d
035 _a(Sirsi) a31063
040 _aPE-LiUPU
_bspa
_cPE-LiUPU
_erda
041 1 _aspa
_hheb
082 0 4 _a220.4468
_bR47
_221
130 1 _aBiblia.
_pN.T.
_lHebreo-español.
212 _aThe new testament in hebrew and spanish
245 1 4 _aEl Nuevo testamento de Nuestro Señor Jesucristo /
_cantigua versión de Casiodoro de Reyna cotejada con diversas traducciones y revisada con arreglo al texto griego por Cipriano de Valera y otros.
264 1 _aMiddlesex, England :
_bThe Society,
_c1985.
300 _a519 páginas ;
_c18 centímetros
336 _atext
_2rdacontent
337 _aunmediated
_2rdamedia
338 _avolume
_2rdacarrier
505 0 _aNuevo testamento Hebreo-español
526 _aSEG42
526 _aSEG41
526 _aSEG40
526 _aSEG39
526 _aP94
526 _aP87
526 _aP86
526 _aP85
526 _aP77
526 _aP76
526 _aP35
630 _aBiblia.
_pN.T.
_lHebreo-español.
700 1 _aReyna, Casiodoro de,
_etraductor
700 1 _aValera, Cipriano de,
_etraductor
700 1 _aRectory Lane Edware, Middlesex
910 _ajck
_bncf
_cncf
_d20170504
942 _2ddc
_cBOOK
949 _a220.4468 R47
_wDEWEY
_c1
_i37005
_lCCODEBUL1
_mBUL
_p15.00
_r0
_sY
_tBOOK
_u2015-06-25
_xBIBLIOTECA
_zUNKNOWN
_0COMPRA
_o.STAFF. Colección Teología
596 _a1
999 _a220.4468 R47
_wDEWEY
_c38576
_i37005
_d38576
_e2016-5-30
_f2021-11-9
_g5
_lCCODEBUL1
_mBUL
_n1
_p15.00
_q5
_r0
_sY
_tBOOK
_u2015-6-25
_xTEOLOGIA
_PP35
_0COMPRA
_o.STAFF. Colección Teología
999 _a220.4468 R47
_wDEWEY
_c2
_i75744
_d2019-9-17
_e2019-9-9
_f2021-11-9
_g4
_lCCODEBUL1
_mBUL
_n7
_p15.00
_q3
_r0
_sY
_tBOOK
_u2017-5-4
_xTEOLOGIA
_PP85
_0DONACION
_o.STAFF. Colección Teologia
980 _81
_gALBERTO SANCHEZ Responsable de Automatización